000 00444nam a2200181Ia 4500
008 230524s9999 xx 000 0 und d
020 _a9780070668775
082 _bVEN
100 _aK.R.Venugopal
245 0 _aFile Structures Using C++
250 _a1
260 _aNew Delhi
_bTMH
300 _a"IX,393p:"
500 _aQuantity Number: 1
650 _aComp-Sc
700 _a"K.G.Srinivasa , P.M Krishnaraj "
_942685
942 _cBK
999 _c57675
_d57675